[Event "Madrid 2019-2020 ch - Previa A"]
[Site "Madrid ESP"]
[Date "2020.02.18"]
[Round "8.17"]
[White "Martin-Buitrago Lopez, Antonio"]
[Black "Marcos Herrero, Francisco"]
[Result "0-1"]
[WhiteElo "1641"]
[BlackElo "1883"]
[PlyCount "162"]
[EventDate "2020.02.03"]
[EventType "swiss"]
[EventRounds "9"]
[EventCountry "ESP"]
[SourceTitle "Ajedrez en Madrid"]
[Source "lmi"]
[SourceDate "2020.02.03"]
[SourceVersion "1"]
[SourceVersionDate "2020.02.27"]
[SourceQuality "1"]

1. e4 c5 2. Nf3 Nc6 3. Bb5 g6 4. d4 cxd4 5. Nxd4 Bg7 6. c3 Qa5 7. Bxc6 bxc6 8.
O-O Nf6 9. Nd2 O-O 10. f4 d5 11. e5 Ng4 12. N2f3 c5 13. Nb3 Qb6 14. Qxd5 Be6
15. Qxc5 Bxb3 16. Qxb6 axb6 17. h3 Nh6 18. Be3 Rxa2 19. Rxa2 Bxa2 20. Bxb6 Rb8
21. Bc5 Rxb2 22. Bxe7 Nf5 23. Bb4 Ne3 24. Rf2 Rb1+ 25. Kh2 Bd5 26. Bc5 Nf1+ 27.
Kg1 Ng3+ 28. Kh2 Ne4 29. Nd2 Nxf2 30. Nxb1 Nd3 31. Be3 f6 32. Nd2 fxe5 33. c4
exf4 34. Bxf4 Nxf4 35. cxd5 Nxd5 36. Nf3 Bf6 37. g3 Kf7 38. Kg2 Ke6 39. Nd2 Ke5
40. Kf3 Nc7 41. h4 Ne6 42. Nc4+ Kd4 43. Nd6 Be5 44. Nf7 Bc7 45. g4 Kd5 46. h5
Nd4+ 47. Ke3 Ne6 48. hxg6 hxg6 49. Kf3 Bf4 50. Nh8 g5 51. Ng6 Nd4+ 52. Kg2 Nc6
53. Kh3 Ke4 54. Nf8 Ne5 55. Ne6 Nd3 56. Kg2 Be3 57. Kg3 Bd2 58. Nxg5+ Bxg5 59.
Kg2 Ne5 60. Kg3 Ke3 61. Kh3 Kf3 62. Kh2 Nxg4+ 63. Kh1 Nf6 64. Kh2 Ne4 65. Kh1
Nf2+ 66. Kh2 Bf4+ 67. Kg1 Bg3 68. Kf1 Bh2 69. Ke1 Ne4 70. Kf1 Nd2+ 71. Ke1 Ke3
72. Kd1 Kd3 73. Kc1 Nc4 74. Kb1 Kc3 75. Kc1 Nb2 76. Kb1 Kb3 77. Kc1 Bf4+ 78.
Kb1 Nc4 79. Ka1 Be3 80. Kb1 Na3+ 81. Ka1 Bd4# 0-1

[Event "Madrid 2019-2020 ch - Previa A"]
[Site "Madrid ESP"]
[Date "2020.02.18"]
[Round "8.18"]
[White "Loriente Del Real, Alberto"]
[Black "Jimenez Gonzalez, Marcos"]
[Result "0-1"]
[WhiteElo "1288"]
[BlackElo "1811"]
[PlyCount "66"]
[EventDate "2020.02.03"]
[EventType "swiss"]
[EventRounds "9"]
[EventCountry "ESP"]
[SourceTitle "Ajedrez en Madrid"]
[Source "lmi"]
[SourceDate "2020.02.03"]
[SourceVersion "1"]
[SourceVersionDate "2020.02.27"]
[SourceQuality "1"]

1. e4 c6 2. Nf3 d5 3. exd5 cxd5 4. Bb5+ Bd7 5. Bxd7+ Nxd7 6. O-O Ngf6 7. d3 e6
8. Bf4 Be7 9. Nc3 a6 10. Ne2 O-O 11. Ng3 Rc8 12. Re1 Qb6 13. b3 Rfd8 14. Ne5
Nxe5 15. Bxe5 Nd7 16. Bb2 Bf6 17. d4 g6 18. Rb1 Nf8 19. Re3 Rc6 20. c3 Qc7 21.
Qf3 Bg7 22. Rbe1 b5 23. Ne2 b4 24. c4 dxc4 25. d5 Rxd5 26. Bxg7 Kxg7 27. Nf4
Rf5 28. Re4 cxb3 29. g4 Rc3 30. R1e3 Rxf4 31. Rxf4 b2 32. Rxc3 b1=Q+ 33. Kg2
bxc3 0-1

[Event "Madrid 2019-2020 ch - Previa A"]
[Site "Madrid ESP"]
[Date "2020.02.18"]
[Round "8.20"]
[White "Lopez Orellana, Federico"]
[Black "Del Castillo Izquierdo, Jose"]
[Result "0-1"]
[WhiteElo "1705"]
[BlackElo "1602"]
[PlyCount "50"]
[EventDate "2020.02.03"]
[EventType "swiss"]
[EventRounds "9"]
[EventCountry "ESP"]
[SourceTitle "Ajedrez en Madrid"]
[Source "lmi"]
[SourceDate "2020.02.03"]
[SourceVersion "1"]
[SourceVersionDate "2020.02.27"]
[SourceQuality "1"]

1. f4 d5 2. e3 c5 3. b3 Nc6 4. Nf3 Nf6 5. Bb2 d4 6. exd4 cxd4 7. Bb5 Bg4 8.
Bxc6+ bxc6 9. Bxd4 e6 10. Be3 Nd5 11. c3 Be7 12. O-O Qc7 13. h3 Rd8 14. Qe2 Bh5
15. g4 Bg6 16. Nd4 h5 17. g5 Qd7 18. Qa6 c5 19. Nf3 Nxe3 20. Ne5 Bd3 21. Qa5
Qb7 22. dxe3 Bxf1 23. Kxf1 Qh1+ 24. Ke2 Qg2+ 25. Ke1 Qb2 0-1

[Event "Madrid 2019-2020 ch - Previa A"]
[Site "Madrid ESP"]
[Date "2020.02.18"]
[Round "8.21"]
[White "Jara Sanchez, Carlos"]
[Black "Pinel Mirasierra, Jose Pablo"]
[Result "0-1"]
[WhiteElo "1652"]
[BlackElo "1966"]
[PlyCount "64"]
[EventDate "2020.02.03"]
[EventType "swiss"]
[EventRounds "9"]
[EventCountry "ESP"]
[SourceTitle "Ajedrez en Madrid"]
[Source "lmi"]
[SourceDate "2020.02.03"]
[SourceVersion "1"]
[SourceVersionDate "2020.02.27"]
[SourceQuality "1"]

1. e4 d6 2. Nf3 g6 3. d3 Bg7 4. Nbd2 e5 5. g3 Ne7 6. Bg2 O-O 7. O-O Nd7 8. Re1
Nc5 9. b4 Ne6 10. c3 b6 11. Bb2 Bb7 12. Nc4 Rc8 13. d4 exd4 14. cxd4 d5 15.
exd5 Nxd5 16. Qb3 Re8 17. Rad1 c6 18. Nfe5 Rc7 19. Ne3 f6 20. Nxd5 cxd5 21. Nf3
Rce7 22. Re3 Bh6 23. Re2 Nc7 24. Rxe7 Qxe7 25. Re1 Qxe1+ 26. Nxe1 Rxe1+ 27. Bf1
Ba6 28. Qc3 Rxf1+ 29. Kg2 Bc4 30. Qf3 Kf7 31. Qg4 Ne6 32. f4 Rb1 0-1

[Event "Madrid 2019-2020 ch - Previa A"]
[Site "Madrid ESP"]
[Date "2020.02.18"]
[Round "8.22"]
[White "De Diego Ferrer, Emilio"]
[Black "Martinez Pascual, Gonzalo"]
[Result "1-0"]
[WhiteElo "1883"]
[BlackElo "1559"]
[PlyCount "55"]
[EventDate "2020.02.03"]
[EventType "swiss"]
[EventRounds "9"]
[EventCountry "ESP"]
[SourceTitle "Ajedrez en Madrid"]
[Source "lmi"]
[SourceDate "2020.02.03"]
[SourceVersion "1"]
[SourceVersionDate "2020.02.27"]
[SourceQuality "1"]

1. c4 e5 2. Nc3 Nf6 3. g3 Nc6 4. Bg2 Bc5 5. h3 d6 6. d3 O-O 7. e4 a6 8. Nge2
Nd4 9. O-O Bd7 10. Kh2 Re8 11. f4 b5 12. Nxd4 Bxd4 13. Ne2 Ba7 14. b3 Rb8 15.
f5 bxc4 16. bxc4 h6 17. Bd2 Kh7 18. g4 c6 19. Ng3 Bd4 20. Rc1 Kg8 21. g5 hxg5
22. Bxg5 Rb2 23. Nh5 d5 24. Nxf6+ gxf6 25. Bh6 Kh7 26. Qh5 Rxg2+ 27. Kxg2 Rg8+
28. Bg5+ 1-0

[Event "Madrid 2019-2020 ch - Previa A"]
[Site "Madrid ESP"]
[Date "2020.02.18"]
[Round "8.23"]
[White "Garcia Gonzalez, Pedro A."]
[Black "Giron Herranz, Ivan"]
[Result "1-0"]
[WhiteElo "1743"]
[BlackElo "1341"]
[PlyCount "91"]
[EventDate "2020.02.03"]
[EventType "swiss"]
[EventRounds "9"]
[EventCountry "ESP"]
[SourceTitle "Ajedrez en Madrid"]
[Source "lmi"]
[SourceDate "2020.02.03"]
[SourceVersion "1"]
[SourceVersionDate "2020.02.27"]
[SourceQuality "1"]

1. d4 d5 2. Nf3 Nf6 3. e3 Nc6 4. c4 g6 5. Nc3 Bg7 6. cxd5 Nxd5 7. Bc4 e6 8. a3
O-O 9. O-O Na5 10. Ba2 Nxc3 11. bxc3 b6 12. Qe2 c5 13. Bb2 Qc7 14. Rfd1 c4 15.
a4 Bd7 16. Qc2 Bc6 17. Ba3 Qd7 18. Bxf8 Bxa4 19. Qe4 Bc6 20. Qf4 Rxf8 21. Ne5
Bxe5 22. Qxe5 f6 23. Qg3 Rc8 24. h4 Ba4 25. Re1 Kf7 26. h5 Rg8 27. hxg6+ Rxg6
28. Qh3 Bc6 29. e4 Qb7 30. Qxh7+ Rg7 31. Qh5+ Kf8 32. f3 f5 33. d5 Be8 34. Qh8+
Rg8 35. Qf6+ Qf7 36. Qxf7+ Kxf7 37. dxe6+ Kxe6 38. exf5+ Kxf5 39. Re7 Bc6 40.
Kf2 a6 41. Rae1 Rd8 42. Bb1+ Kg5 43. Be4 Re8 44. Bxc6 Rxe7 45. Rxe7 Nxc6 46.
Re6 1-0

[Event "Madrid 2019-2020 ch - Previa A"]
[Site "Madrid ESP"]
[Date "2020.02.18"]
[Round "8.24"]
[White "Martinez Martinez, Javier II"]
[Black "Cruz Gonzalez, Antonio"]
[Result "1-0"]
[WhiteElo "1595"]
[BlackElo "1719"]
[PlyCount "180"]
[EventDate "2020.02.03"]
[EventType "swiss"]
[EventRounds "9"]
[EventCountry "ESP"]
[SourceTitle "Ajedrez en Madrid"]
[Source "lmi"]
[SourceDate "2020.02.03"]
[SourceVersion "1"]
[SourceVersionDate "2020.02.27"]
[SourceQuality "1"]

1. d4 g6 2. g3 Bg7 3. Bg2 d5 4. c3 c6 5. Nd2 Nf6 6. e4 dxe4 7. Nxe4 Nbd7 8.
Nxf6+ Nxf6 9. Nf3 O-O 10. O-O Bg4 11. Qb3 Qc8 12. Bd2 Ne4 13. Be3 Be6 14. Qc2
Bf5 15. Qe2 Nf6 16. Rae1 Bh3 17. Qd2 Bxg2 18. Kxg2 Re8 19. Bg5 Nd5 20. c4 f6
21. cxd5 fxg5 22. Qxg5 Bf6 23. Qh6 Bg7 24. Qe3 cxd5 25. Re2 e6 26. Rc1 Qd7 27.
Ne5 Qd6 28. f4 Re7 29. Rec2 Bxe5 30. fxe5 Qd8 31. Qg5 Rd7 32. Qh6 Qf8 33. Qf4
Qf5 34. Qxf5 gxf5 35. Kf3 Kf7 36. Kf4 Kg6 37. Rg2 h5 38. Re2 Rad8 39. b4 a6 40.
a4 h4 41. b5 axb5 42. axb5 hxg3 43. Rg2 Rh8 44. Rxg3+ Kf7 45. b6 Rh4+ 46. Kg5
Rxd4 47. Rc7 Rxc7 48. bxc7 Rc4 49. Rh3 Kg7 50. Rg3 Rxc7 51. Kh5+ Kf7 52. Kh6
Kf8 53. h4 Rc4 54. h5 Rg4 55. Rb3 Rg7 56. Rb6 Re7 57. Kg6 Rg7+ 58. Kf6 Rh7 59.
Kg6 Re7 60. Kf6 f4 61. h6 f3 62. Rb1 f2 63. Rf1 d4 64. Kg6 Rf7 65. h7 Rg7+ 66.
Kh6 Rxh7+ 67. Kxh7 Ke7 68. Rxf2 Kd7 69. Kg6 Kc6 70. Kf6 Kd5 71. Rd2 b5 72. Rb2
Ke4 73. Kxe6 d3 74. Kd6 b4 75. e6 Ke3 76. Rh2 d2 77. Rxd2 Kxd2 78. e7 b3 79.
e8=Q b2 80. Qb5 Kc1 81. Qc4+ Kd2 82. Qb3 Kc1 83. Qc3+ Kb1 84. Kc5 Ka2 85. Qc2
Ka1 86. Qa4+ Kb1 87. Kc4 Kc1 88. Qa3 Kc2 89. Qc3+ Kb1 90. Kb3 Ka1 1-0

[Event "Madrid 2019-2020 ch - Previa A"]
[Site "Madrid ESP"]
[Date "2020.02.18"]
[Round "8.25"]
[White "Gonzalez Recas, Fernando"]
[Black "Rodriguez Bachiller, Luis"]
[Result "1-0"]
[WhiteElo "1548"]
[BlackElo "1536"]
[PlyCount "97"]
[EventDate "2020.02.03"]
[EventType "swiss"]
[EventRounds "9"]
[EventCountry "ESP"]
[SourceTitle "Ajedrez en Madrid"]
[Source "lmi"]
[SourceDate "2020.02.03"]
[SourceVersion "1"]
[SourceVersionDate "2020.02.27"]
[SourceQuality "1"]

1. e4 e5 2. Nf3 Nc6 3. Bb5 Nf6 4. O-O d6 5. Re1 Bd7 6. c3 Be7 7. d3 O-O 8. Nbd2
a6 9. Ba4 b5 10. Bb3 Na5 11. Bc2 c5 12. Nf1 Nc6 13. h3 Ne8 14. Ne3 Nc7 15. Nh2
Qc8 16. Rf1 b4 17. f4 exf4 18. Rxf4 Bg5 19. Rf1 Bxe3+ 20. Bxe3 bxc3 21. bxc3
Ne5 22. Qe2 Ng6 23. Rf2 Rb8 24. Bb3 Be6 25. c4 a5 26. Rb1 Qd7 27. d4 cxd4 28.
Bxd4 a4 29. Bc2 Rb4 30. Bd3 Ne5 31. Bxe5 dxe5 32. Nf3 f6 33. Nxe5 Qd6 34. Nf3
a3 35. Rc1 Qc5 36. Nd2 Rb2 37. Rc2 Rfb8 38. Nb3 Rxc2 39. Qxc2 Qb4 40. Rf1 Na6
41. Rb1 Qb6+ 42. c5 Qa7 43. Bxa6 Qxa6 44. Nd4 Rxb1+ 45. Qxb1 Bd7 46. Qb8+ Kf7
47. Qc7 Qc8 48. Qa7 g6 49. c6 1-0

[Event "Madrid 2019-2020 ch - Previa A"]
[Site "Madrid ESP"]
[Date "2020.02.18"]
[Round "8.26"]
[White "Lopez Guitian, Juan J."]
[Black "Gonzalez-Ruano Perez, Cesar"]
[Result "1/2-1/2"]
[WhiteElo "1497"]
[BlackElo "1855"]
[PlyCount "140"]
[EventDate "2020.02.03"]
[EventType "swiss"]
[EventRounds "9"]
[EventCountry "ESP"]
[SourceTitle "Ajedrez en Madrid"]
[Source "lmi"]
[SourceDate "2020.02.03"]
[SourceVersion "1"]
[SourceVersionDate "2020.02.27"]
[SourceQuality "1"]

1. d4 e6 2. Nc3 c5 3. d5 d6 4. e4 Nf6 5. Bg5 Be7 6. f4 h6 7. Bxf6 Bxf6 8. Bb5+
Ke7 9. a4 Bxc3+ 10. bxc3 a6 11. Bc4 Qa5 12. Ne2 Nd7 13. dxe6 Nb6 14. Qd3 Nxc4
15. Qxc4 Bxe6 16. Qd3 b5 17. O-O Bc4 18. Qd2 Rhd8 19. axb5 Qxb5 20. Rfe1 Bxe2
21. Rab1 Qc6 22. Qxe2 Kf8 23. c4 Ra7 24. Rb3 Re8 25. Re3 Rae7 26. Qd3 a5 27.
Qd5 Qc7 28. Rd1 Re6 29. Rb1 R6e7 30. h4 Qd7 31. Kh2 a4 32. Ra1 Rb8 33. Kg3 Re6
34. h5 Rb2 35. Qa8+ Qe8 36. Qxe8+ Rxe8 37. Rxa4 Rxc2 38. Kf3 Rd2 39. Raa3 Ke7
40. g4 Rb8 41. Red3 Rxd3+ 42. Rxd3 Rb4 43. Rc3 Ke6 44. Ke3 g6 45. hxg6 fxg6 46.
Kd3 Rb1 47. Rc2 Rg1 48. f5+ gxf5 49. gxf5+ Kf6 50. Ke3 Rh1 51. Rg2 h5 52. Rg6+
Ke7 53. Rh6 h4 54. Kf4 h3 55. Kg3 h2 56. Rxh2 Rc1 57. Rh7+ Kf6 58. Rh6+ Ke7 59.
Kf4 Rxc4 60. Rh7+ Kf6 61. Rh6+ Ke7 62. Re6+ Kd7 63. Kg5 Rc1 64. Kf6 c4 65. Re7+
Kd8 66. Ke6 c3 67. f6 Rf1 68. f7 c2 69. Kxd6 Rd1+ 70. Ke6 Rf1 1/2-1/2

[Event "Madrid 2019-2020 ch - Previa A"]
[Site "Madrid ESP"]
[Date "2020.02.18"]
[Round "8.27"]
[White "Penas Merino, Ramona"]
[Black "Martinez Carrasco, Jesus"]
[Result "1-0"]
[WhiteElo "1422"]
[BlackElo "1534"]
[PlyCount "89"]
[EventDate "2020.02.03"]
[EventType "swiss"]
[EventRounds "9"]
[EventCountry "ESP"]
[SourceTitle "Ajedrez en Madrid"]
[Source "lmi"]
[SourceDate "2020.02.03"]
[SourceVersion "1"]
[SourceVersionDate "2020.02.27"]
[SourceQuality "1"]

1. d4 d5 2. c4 e6 3. Nc3 Nf6 4. Bg5 Be7 5. e3 Nbd7 6. Nf3 O-O 7. Qc2 h6 8. Bh4
b6 9. cxd5 exd5 10. Bd3 c5 11. O-O c4 12. Be2 a6 13. Rac1 Bb7 14. b3 b5 15.
bxc4 dxc4 16. Nd2 Re8 17. Bf3 Bxf3 18. Nxf3 g5 19. Bg3 Nh5 20. Be5 g4 21. Qf5
gxf3 22. Qxh5 Nxe5 23. Qxe5 fxg2 24. Kxg2 Bf6 25. Qh5 Bg7 26. Kh1 Qg5 27. Qf3
Rac8 28. Rg1 Qd8 29. Qg4 Qg5 30. Qxg5 hxg5 31. Rxg5 Kf8 32. Rcg1 Bf6 33. Rg8+
Ke7 34. Nd5+ Ke6 35. Rxe8+ Rxe8 36. Nc7+ Kd7 37. Nxe8 Kxe8 38. Rc1 Kd7 39. d5
Kd6 40. e4 c3 41. a3 a5 42. f4 Kc5 43. e5 Bd8 44. Rxc3+ Kxd5 45. Rd3+ 1-0

[Event "Madrid 2019-2020 ch - Previa A"]
[Site "Madrid ESP"]
[Date "2020.02.18"]
[Round "8.28"]
[White "Martin Rodriguez, Anastasio"]
[Black "Ramos Antona, Enrique"]
[Result "1/2-1/2"]
[WhiteElo "1607"]
[BlackElo "1436"]
[PlyCount "83"]
[EventDate "2020.02.03"]
[EventType "swiss"]
[EventRounds "9"]
[EventCountry "ESP"]
[SourceTitle "Ajedrez en Madrid"]
[Source "lmi"]
[SourceDate "2020.02.03"]
[SourceVersion "1"]
[SourceVersionDate "2020.02.27"]
[SourceQuality "1"]

1. d4 d6 2. Bf4 Nf6 3. e3 h6 4. Nf3 Bg4 5. h3 Bh5 6. Bd3 Nc6 7. g4 Bg6 8. Bxg6
fxg6 9. Qd3 g5 10. Qg6+ Kd7 11. Bh2 Qe8 12. Qf5+ e6 13. Qb5 Qc8 14. Nc3 a6 15.
Qe2 b5 16. a3 Qb7 17. O-O Be7 18. e4 Rae8 19. e5 Nd5 20. Ne4 Nf4 21. Bxf4 gxf4
22. Qd2 d5 23. Nc3 g5 24. Qd3 h5 25. Kg2 Rh6 26. Rh1 Reh8 27. Ne2 Qb8 28. Rh2
hxg4 29. hxg4 Rxh2+ 30. Nxh2 Rh6 31. Nf3 Qh8 32. Rg1 Qh7 33. Qxh7 Rxh7 34. Rh1
Rxh1 35. Kxh1 Na5 36. Nd2 Kc6 37. b4 Nb7 38. Nf3 a5 39. c3 Nd8 40. Neg1 Kb6 41.
Nh3 Nf7 42. Ne1 1/2-1/2

[Event "Madrid 2019-2020 ch - Previa A"]
[Site "Madrid ESP"]
[Date "2020.02.18"]
[Round "8.29"]
[White "Suarez Mencia, Roberto"]
[Black "Castro Uceda, Jose Antonio"]
[Result "0-1"]
[WhiteElo "1387"]
[BlackElo "1607"]
[PlyCount "62"]
[EventDate "2020.02.03"]
[EventType "swiss"]
[EventRounds "9"]
[EventCountry "ESP"]
[SourceTitle "Ajedrez en Madrid"]
[Source "lmi"]
[SourceDate "2020.02.03"]
[SourceVersion "1"]
[SourceVersionDate "2020.02.27"]
[SourceQuality "1"]

1. c4 c5 2. g3 g6 3. Bg2 Bg7 4. e3 e6 5. Ne2 Nf6 6. d4 cxd4 7. exd4 O-O 8. Nbc3
d5 9. cxd5 exd5 10. O-O Nc6 11. Nf4 Be6 12. Re1 Re8 13. a3 Qd7 14. b4 Rad8 15.
Rb1 a6 16. Rb2 Qc7 17. Rbe2 Nxb4 18. Nxe6 fxe6 19. Rxe6 Rxe6 20. Rxe6 Qxc3 21.
axb4 Qxb4 22. Bg5 Rf8 23. h3 Qb5 24. Qe1 Ne4 25. Bxe4 dxe4 26. Qxe4 Qxg5 27.
Re7 Qf5 28. Qe3 Qf6 29. Qb3+ Kh8 30. Re2 Qxd4 31. Qxb7 Qd1+ 0-1

[Event "Madrid 2019-2020 ch - Previa A"]
[Site "Madrid ESP"]
[Date "2020.02.18"]
[Round "8.30"]
[White "Olmos Rodriguez, Arcadio"]
[Black "Fernandez Sanchez, Jose M."]
[Result "0-1"]
[WhiteElo "1404"]
[BlackElo "1128"]
[PlyCount "82"]
[EventDate "2020.02.03"]
[EventType "swiss"]
[EventRounds "9"]
[EventCountry "ESP"]
[SourceTitle "Ajedrez en Madrid"]
[Source "lmi"]
[SourceDate "2020.02.03"]
[SourceVersion "1"]
[SourceVersionDate "2020.02.27"]
[SourceQuality "1"]

1. c4 e5 2. g3 Nf6 3. Bg2 d5 4. cxd5 Nxd5 5. Nc3 Nxc3 6. bxc3 Bd6 7. d4 O-O 8.
Nf3 Nd7 9. O-O Nf6 10. dxe5 Be7 11. exf6 Bxf6 12. Qxd8 Rxd8 13. Bg5 Rd6 14.
Bxf6 Rxf6 15. Nd4 c6 16. Rab1 Bd7 17. Rxb7 Rd6 18. Rfb1 g6 19. Rb8+ Rxb8 20.
Rxb8+ Kg7 21. Rb7 c5 22. Nf3 Rd1+ 23. Bf1 Bh3 24. Rxf7+ Kg8 25. Nd2 Kxf7 26. f4
Bxf1 27. Nxf1 Ra1 28. Kf2 Rxa2 29. Kf3 Kf6 30. Ne3 Ke6 31. c4 a5 32. Nd5 Ra3+
33. e3 Rb3 34. Ke2 a4 35. Kd2 a3 36. Nc3 Rb4 37. Kc2 Rb2+ 38. Kc1 Rxh2 39. Kb1
h5 40. Nb5 a2+ 41. Ka1 Rg2 0-1

[Event "Madrid 2019-2020 ch - Previa A"]
[Site "Madrid ESP"]
[Date "2020.02.18"]
[Round "8.31"]
[White "De Fuenmayor Fernandez de la, Carlos Pablo"]
[Black "Arevillca Colque, Jonatan"]
[Result "1-0"]
[WhiteElo "1365"]
[BlackElo "1004"]
[PlyCount "119"]
[EventDate "2020.02.03"]
[EventType "swiss"]
[EventRounds "9"]
[EventCountry "ESP"]
[SourceTitle "Ajedrez en Madrid"]
[Source "lmi"]
[SourceDate "2020.02.03"]
[SourceVersion "1"]
[SourceVersionDate "2020.02.27"]
[SourceQuality "1"]

1. c4 Nf6 2. g3 e5 3. Bg2 d5 4. cxd5 Nxd5 5. Nc3 Be6 6. e4 Nxc3 7. bxc3 Nc6 8.
Nf3 Bc5 9. O-O O-O 10. Qc2 Bg4 11. Bb2 Qf6 12. Qd1 Bxf3 13. Qxf3 Be7 14. Rfd1
Rad8 15. Qxf6 Bxf6 16. Rab1 Be7 17. d4 f6 18. Ba1 Na5 19. dxe5 Rxd1+ 20. Rxd1
fxe5 21. Rd5 Nc4 22. Bf1 c6 23. Rd7 Nd6 24. Rxe7 Nxe4 25. Rxb7 Rxf2 26. Rxa7
Rc2 27. c4 Nd2 28. Ra3 Nxf1 29. Bxe5 Nxh2 30. Ra8+ Kf7 31. Ra7+ Ke6 32. Bxg7
Nf3+ 33. Kf1 Nd2+ 34. Ke2 Nxc4+ 35. Kd3 Rc1 36. a4 Ne5+ 37. Bxe5 Kxe5 38. Rxh7
Ra1 39. a5 Ra3+ 40. Kc4 Rxg3 41. a6 Ra3 42. a7 Kd6 43. Kb4 Ra6 44. Kc4 Ra4+ 45.
Kd3 Kc5 46. Rb7 Kd5 47. Kc3 c5 48. Kb3 Ra6 49. Rg7 c4+ 50. Kc3 Ra3+ 51. Kb4 Ra1
52. Kc3 Ra6 53. Rg5+ Kc6 54. Rg6+ Kb7 55. Rxa6 Ka8 56. Rc6 Kxa7 57. Rxc4 Kb8
58. Rc6 Kb7 59. Rh6 Kc7 60. Kd4 1-0

[Event "Madrid 2019-2020 ch - Previa A"]
[Site "Madrid ESP"]
[Date "2020.02.19"]
[Round "9.2"]
[White "Rodriguez Diaz, Alberto Jose"]
[Black "Alvarez Abejon, Amilcar"]
[Result "1/2-1/2"]
[WhiteElo "1910"]
[BlackElo "1947"]
[PlyCount "114"]
[EventDate "2020.02.03"]
[EventType "swiss"]
[EventRounds "9"]
[EventCountry "ESP"]
[SourceTitle "Ajedrez en Madrid"]
[Source "lmi"]
[SourceDate "2020.02.03"]
[SourceVersion "1"]
[SourceVersionDate "2020.02.27"]
[SourceQuality "1"]

1. f4 d6 2. Nf3 Bg4 3. e4 Nf6 4. h3 Bxf3 5. Qxf3 c6 6. b3 e5 7. Bb2 Nbd7 8. g3
Qb6 9. Nc3 Be7 10. O-O-O O-O-O 11. d4 Rhf8 12. dxe5 dxe5 13. Na4 Qa5 14. fxe5
Nxe5 15. Qf5+ Nfd7 16. Bc3 Qc7 17. Kb1 g6 18. Qf4 f6 19. Be2 Nb6 20. Nxb6+ axb6
21. Rhf1 Rxd1+ 22. Rxd1 Rd8 23. Bg4+ Kb8 24. Rf1 Qd6 25. Be2 Qc5 26. Bb2 g5 27.
Bxe5+ Qxe5 28. Qxe5+ fxe5 29. Rf7 Ba3 30. Bd3 h6 31. Rf5 Rf8 32. c3 Bd6 33. Kc1
Kc7 34. Kd2 Kd7 35. Ke3 Ke7 36. Kf3 Rxf5+ 37. exf5 b5 38. Kg4 Kf6 39. Kh5 Kg7
40. Be4 Ba3 41. f6+ Kxf6 42. Kxh6 Bb2 43. c4 bxc4 44. bxc4 Bc1 45. Kh5 Bd2 46.
h4 gxh4 47. gxh4 b5 48. cxb5 cxb5 49. Kg4 b4 50. Bd5 Bc1 51. h5 Bd2 52. Kf3 Kg5
53. Ke2 Bc3 54. Bf7 Kh6 55. Kd3 Be1 56. Kc4 Bd2 57. Kd5 Bc3 1/2-1/2

[Event "Madrid 2019-2020 ch - Previa A"]
[Site "Madrid ESP"]
[Date "2020.02.19"]
[Round "9.3"]
[White "Panduru, Eugen"]
[Black "Vazquez Gonzalez, Jesus"]
[Result "1-0"]
[WhiteElo "1982"]
[BlackElo "1983"]
[PlyCount "89"]
[EventDate "2020.02.03"]
[EventType "swiss"]
[EventRounds "9"]
[EventCountry "ESP"]
[SourceTitle "Ajedrez en Madrid"]
[Source "lmi"]
[SourceDate "2020.02.03"]
[SourceVersion "1"]
[SourceVersionDate "2020.02.27"]
[SourceQuality "1"]

1. e4 e5 2. Nf3 Nc6 3. Bc4 Bc5 4. O-O Nf6 5. d3 h6 6. c3 O-O 7. d4 Bd6 8. Re1
Re8 9. Nbd2 a6 10. a3 b5 11. Ba2 Bb7 12. b4 Qe7 13. Nh4 exd4 14. Nf5 Qf8 15.
cxd4 g6 16. Nxd6 Qxd6 17. Bb2 Nxd4 18. Nf1 Nxe4 19. Qxd4 Qxd4 20. Bxd4 a5 21.
f3 Nd6 22. Kf2 axb4 23. axb4 Nf5 24. Bf6 Rxe1 25. Kxe1 c5 26. bxc5 b4 27. Kd2
Ra5 28. g4 Ra6 29. Bb2 Nh4 30. f4 d6 31. c6 Bc8 32. Bf6 Nf3+ 33. Ke3 Ra3+ 34.
Kf2 Bxg4 35. Bd5 Rxa1 36. Bxa1 Nh4 37. Kg3 Be2 38. c7 Nf5+ 39. Kf2 Ba6 40. Bf6
Kf8 41. Ne3 Ne7 42. Bb3 Nc8 43. Nd5 Na7 44. Be7+ Kg7 45. Bxd6 1-0

[Event "Madrid 2019-2020 ch - Previa A"]
[Site "Madrid ESP"]
[Date "2020.02.19"]
[Round "9.5"]
[White "Garcia Prados, David"]
[Black "Cardena Contreras, Javier"]
[Result "0-1"]
[WhiteElo "1872"]
[BlackElo "1887"]
[PlyCount "48"]
[EventDate "2020.02.03"]
[EventType "swiss"]
[EventRounds "9"]
[EventCountry "ESP"]
[SourceTitle "Ajedrez en Madrid"]
[Source "lmi"]
[SourceDate "2020.02.03"]
[SourceVersion "1"]
[SourceVersionDate "2020.02.27"]
[SourceQuality "1"]

1. c4 Nf6 2. g3 g6 3. Bg2 Bg7 4. e4 e5 5. d3 c5 6. Nc3 Nc6 7. Nge2 d6 8. O-O
O-O 9. h3 Ne8 10. Nd5 f5 11. Be3 Be6 12. Qd2 Bxd5 13. cxd5 Nd4 14. Bxd4 cxd4
15. Rac1 f4 16. Bf3 Bh6 17. Bg4 Kg7 18. gxf4 Rxf4 19. Nxf4 Bxf4 20. Qb4 h5 21.
Qxb7+ Kh6 22. Rc8 Qg5 23. Rxa8 hxg4 24. Kh1 Qh4 0-1

[Event "Madrid 2019-2020 ch - Previa A"]
[Site "Madrid ESP"]
[Date "2020.02.19"]
[Round "9.6"]
[White "Lopez Heras, Arturo"]
[Black "Baeza Escudero, Javier"]
[Result "0-1"]
[WhiteElo "1719"]
[BlackElo "1884"]
[PlyCount "110"]
[EventDate "2020.02.03"]
[EventType "swiss"]
[EventRounds "9"]
[EventCountry "ESP"]
[SourceTitle "Ajedrez en Madrid"]
[Source "lmi"]
[SourceDate "2020.02.03"]
[SourceVersion "1"]
[SourceVersionDate "2020.02.27"]
[SourceQuality "1"]

1. e4 e6 2. d4 d5 3. exd5 exd5 4. c4 Nf6 5. Nc3 Be7 6. Bd3 dxc4 7. Bxc4 O-O 8.
Nf3 Nbd7 9. O-O Nb6 10. Bb3 c6 11. h3 Nfd5 12. Qd3 Bf6 13. Ne4 Be7 14. a3 Nf6
15. Neg5 h6 16. Nxf7 Rxf7 17. Bxf7+ Kxf7 18. Ne5+ Kg8 19. Bxh6 Bf8 20. Qg3 Bf5
21. Rad1 Nbd5 22. Bg5 Qd6 23. Rfe1 Re8 24. Qf3 Bh7 25. Qb3 Ne4 26. Bf4 Qf6 27.
Be3 Re7 28. f3 Nd6 29. Bf2 Kh8 30. Ng4 Rxe1+ 31. Rxe1 Qf4 32. Be3 Nxe3 33. Qxe3
Qxe3+ 34. Rxe3 Bg6 35. Ne5 Bc2 36. Nd7 Kg8 37. Re6 Bf5 38. Nxf8 Kxf8 39. Rxd6
Ke7 40. Rxc6 bxc6 41. Kf2 Kd6 42. g4 Bc2 43. f4 a5 44. f5 g6 45. f6 Ke6 46. g5
Bb3 47. Ke3 Kf5 48. h4 Kg4 49. Ke4 Kxh4 50. Ke5 Kxg5 51. Kd6 Kxf6 52. Kxc6 Ke6
53. d5+ Bxd5+ 54. Kb5 g5 55. Kc5 Ke5 0-1

[Event "Madrid 2019-2020 ch - Previa A"]
[Site "Madrid ESP"]
[Date "2020.02.19"]
[Round "9.8"]
[White "Fernandez Garcia, Ignacio"]
[Black "Cabañas Bravo, Juan Andres"]
[Result "1/2-1/2"]
[WhiteElo "1755"]
[BlackElo "1981"]
[PlyCount "58"]
[EventDate "2020.02.03"]
[EventType "swiss"]
[EventRounds "9"]
[EventCountry "ESP"]
[SourceTitle "Ajedrez en Madrid"]
[Source "lmi"]
[SourceDate "2020.02.03"]
[SourceVersion "1"]
[SourceVersionDate "2020.02.27"]
[SourceQuality "1"]

1. e4 e5 2. Nf3 Nc6 3. Bc4 Bc5 4. c3 Nf6 5. Qe2 O-O 6. b4 Bb6 7. d3 d5 8. Bb3
h6 9. h3 Re8 10. a4 a6 11. Bd2 dxe4 12. dxe4 Be6 13. Bxe6 Rxe6 14. Na3 Qe8 15.
Nc4 Ba7 16. g4 Nh7 17. Ne3 Bxe3 18. Bxe3 Ne7 19. g5 h5 20. Nh4 g6 21. Nf3 Qc6
22. Bd2 b5 23. axb5 axb5 24. O-O Nc8 25. c4 Rxa1 26. Rxa1 Nd6 27. cxb5 Nxb5 28.
Rc1 Qb7 29. Qc4 Nf8 1/2-1/2